Pokémon - Talent (1) - Statistiques

Statistiques générales
  • Ce quiz a été pris 85 fois
  • Le résultat moyen est 55 sur 90
Statistiques - réponses
Question Tuile Select % Correct
Quels sont les Pokémon possédant le talent Absentéisme ? Non
100%
Quels sont les Pokémon possédant le talent Absentéisme ? Oui
96%
Quels sont les Pokémon possédant le talent Absentéisme ? Non
96%
Quels sont les Pokémon possédant le talent Boom Final ? Non
95%
Quels sont les Pokémon possédant le talent Boom Final ? Non
95%
Quels sont les Pokémon possédant le talent Absentéisme ? Non
94%
Quels sont les Pokémon possédant le talent Absentéisme ? Non
94%
Quels sont les Pokémon possédant le talent Boom Final ? Non
94%
Quels sont les Pokémon possédant le talent Absentéisme ? Non
91%
Quels sont les Pokémon possédant le talent Boom Final ? Oui
91%
Quels sont les Pokémon possédant le talent Pression ? Non
88%
Quels sont les Pokémon possédant le talent Torche ? Non
87%
Quels sont les Pokémon possédant le talent Moiteur ? Non
86%
Quels sont les Pokémon possédant le talent Moiteur ? Non
86%
Quels sont les Pokémon possédant le talent Torche ? Non
86%
Quels sont les Pokémon possédant le talent Absentéisme ? Non
85%
Quels sont les Pokémon possédant le talent Boom Final ? Non
85%
Quels sont les Pokémon possédant le talent Pieds Confus ? Non
82%
Quels sont les Pokémon possédant le talent Corps Gel ? Non
81%
Quels sont les Pokémon possédant le talent Pression ? Non
79%
Quels sont les Pokémon possédant le talent Lévitation ? Non
79%
Quels sont les Pokémon possédant le talent Lévitation ? Non
77%
Quels sont les Pokémon possédant le talent Pieds Confus ? Non
77%
Quels sont les Pokémon possédant le talent Pieds Confus ? Non
77%
Quels sont les Pokémon possédant le talent Vaccin ? Non
77%
Quels sont les Pokémon possédant le talent Pression ? Non
76%
Quels sont les Pokémon possédant le talent Pieds Confus ? Non
74%
Quels sont les Pokémon possédant le talent Pression ? Oui
73%
Quels sont les Pokémon possédant le talent Pression ? Oui
73%
Quels sont les Pokémon possédant le talent Lévitation ? Non
73%
Quels sont les Pokémon possédant le talent Boom Final ? Oui
72%
Quels sont les Pokémon possédant le talent Vaccin ? Non
72%
Quels sont les Pokémon possédant le talent Vaccin ? Non
72%
Quels sont les Pokémon possédant le talent Moiteur ? Non
71%
Quels sont les Pokémon possédant le talent Torche ? Non
69%
Quels sont les Pokémon possédant le talent Lévitation ? Non
69%
Quels sont les Pokémon possédant le talent Impassible ? Non
69%
Quels sont les Pokémon possédant le talent Pieds Confus ? Non
68%
Quels sont les Pokémon possédant le talent Torche ? Oui
67%
Quels sont les Pokémon possédant le talent Pression ? Non
67%
Quels sont les Pokémon possédant le talent Absentéisme ? Oui
65%
Quels sont les Pokémon possédant le talent Lévitation ? Non
65%
Quels sont les Pokémon possédant le talent Impassible ? Non
65%
Quels sont les Pokémon possédant le talent Lévitation ? Oui
64%
Quels sont les Pokémon possédant le talent Pieds Confus ? Oui
64%
Quels sont les Pokémon possédant le talent Corps Gel ? Non
64%
Quels sont les Pokémon possédant le talent Vaccin ? Non
64%
Quels sont les Pokémon possédant le talent Vaccin ? Non
63%
Quels sont les Pokémon possédant le talent Vaccin ? Non
62%
Quels sont les Pokémon possédant le talent Lévitation ? Oui
60%
Quels sont les Pokémon possédant le talent Corps Gel ? Oui
60%
Quels sont les Pokémon possédant le talent Impassible ? Non
60%
Quels sont les Pokémon possédant le talent Lévitation ? Oui
58%
Quels sont les Pokémon possédant le talent Corps Gel ? Non
58%
Quels sont les Pokémon possédant le talent Vaccin ? Oui
58%
Quels sont les Pokémon possédant le talent Moiteur ? Oui
56%
Quels sont les Pokémon possédant le talent Pieds Confus ? Non
56%
Quels sont les Pokémon possédant le talent Impassible ? Non
56%
Quels sont les Pokémon possédant le talent Vaccin ? Oui
55%
Quels sont les Pokémon possédant le talent Moiteur ? Non
54%
Quels sont les Pokémon possédant le talent Torche ? Oui
53%
Quels sont les Pokémon possédant le talent Pression ? Oui
51%
Quels sont les Pokémon possédant le talent Torche ? Non
49%
Quels sont les Pokémon possédant le talent Boom Final ? Oui
49%
Quels sont les Pokémon possédant le talent Moiteur ? Non
47%
Quels sont les Pokémon possédant le talent Torche ? Oui
46%
Quels sont les Pokémon possédant le talent Torche ? Oui
45%
Quels sont les Pokémon possédant le talent Pression ? Oui
45%
Quels sont les Pokémon possédant le talent Impassible ? Oui
45%
Quels sont les Pokémon possédant le talent Impassible ? Non
44%
Quels sont les Pokémon possédant le talent Impassible ? Non
44%
Quels sont les Pokémon possédant le talent Absentéisme ? Oui
42%
Quels sont les Pokémon possédant le talent Torche ? Oui
40%
Quels sont les Pokémon possédant le talent Lévitation ? Oui
40%
Quels sont les Pokémon possédant le talent Pieds Confus ? Oui
40%
Quels sont les Pokémon possédant le talent Vaccin ? Oui
40%
Quels sont les Pokémon possédant le talent Corps Gel ? Oui
32%
Quels sont les Pokémon possédant le talent Impassible ? Oui
32%
Quels sont les Pokémon possédant le talent Impassible ? Oui
28%
Quels sont les Pokémon possédant le talent Boom Final ? Oui
28%
Quels sont les Pokémon possédant le talent Moiteur ? Oui
27%
Quels sont les Pokémon possédant le talent Corps Gel ? Oui
27%
Quels sont les Pokémon possédant le talent Boom Final ? Oui
27%
Quels sont les Pokémon possédant le talent Corps Gel ? Non
24%
Quels sont les Pokémon possédant le talent Corps Gel ? Oui
24%
Quels sont les Pokémon possédant le talent Pieds Confus ? Oui
23%
Quels sont les Pokémon possédant le talent Moiteur ? Oui
22%
Quels sont les Pokémon possédant le talent Moiteur ? Oui
21%
Quels sont les Pokémon possédant le talent Corps Gel ? Oui
17%
Quels sont les Pokémon possédant le talent Pression ? Oui
12%
Aucun quiz correspondant
Distribution des résultats
% des personnes avec chaque résultat
Percentile par nombre de réponses
Votre historique - résultats
Vous n’avez pas pris ce quiz